| 000 | 01109nam a2200241Ia 4500 | ||
|---|---|---|---|
| 999 |
_c54866 _d54866 |
||
| 001 | 21935 | ||
| 003 | GE_BSU | ||
| 005 | 20220829143325.0 | ||
| 008 | 181216s1988||||ge |||||||||||||| ||geo|| | ||
| 040 | _cGE_BSU | ||
| 041 | _ageo | ||
| 080 | _a821.353.1-91-1: 94(479.22)"1570-1629 გ-51 | ||
| 245 |
_aგიორგიმ ნახა სიზმარი : _bლექსები და თქმულებები გიორგი სააკაძეზე / _cშემდგ.- რედ. და წინასიტყვ. ავტ. ვახტანგ სიდამონიძე. |
||
| 264 |
_aთბილისი : _bმერანი, _c1988. |
||
| 300 |
_a79 გვ. ; _c16 სმ. |
||
| 541 | _h3ლ. | ||
| 653 | _aგიორგიმ ნახა სიზმარი | ||
| 653 | _aლექსები და თქმულებები გიორგი სააკაძეზე | ||
| 653 | _aისტორია | ||
| 653 | _a გიორგი სააკაძე | ||
| 653 | _aქართული ლიტერატურა | ||
| 942 |
_cBK _2udc |
||